Discursos conciliares / (Record no. 57096)

MARC details
000 -LEADER
campo de control de longitud fija 00799nam a2200229 i 4500
001 - NÚMERO DE CONTROL
campo de control 57096
003 - IDENTIFICADOR DE NÚMERO DE CONTROL
campo de control ES-MaACL
005 - FECHA Y HORA DE LA ÚLTIMA TRANSACCIÓN
campo de control 20251007170432.0
007 - CAMPO FIJO DE DESCRIPCIÓN FÍSICA--INFORMACIÓN GENERAL
campo de control de longitud fija t|
008 - DATOS DE LONGITUD FIJA--INFORMACIÓN GENERAL
campo de control de longitud fija 031015s1964 sp ||||1| spa d
245 00 - MENCIÓN DEL TÍTULO
Título Discursos conciliares /
Mención de responsabilidad, etc. editados por Y. Congar, H. Küng, D. O'Hanlon.
260 ## - PUBLICACIÓN, DISTRIBUCIÓN, ETC.
Lugar de publicación, distribución, etc. [Madrid :
Nombre del editor, distribuidor, etc. Cristiandad :
-- Ed. Castilla],
Fecha de publicación, distribución, etc. 1964.
300 ## - DESCRIPCIÓN FÍSICA
Extensión 291 p. ;
Dimensiones 19 cm.
490 1# - MENCIÓN DE SERIE
Mención de serie Libros del monograma. Colección Cristianismo y hombre actual ;
Designación de volumen o secuencia 63
611 04 - PUNTO DE ACCESO ADICIONAL DE MATERIA--NOMBRE DE REUNIÓN/CONGRESO
Nombre de congreso/reunión o jurisdicción como elemento de entrada Concilio Vaticano (
Número del congreso/reunión o número de parte o sección 2º.
Fecha del congreso o de la firma del tratado 1962-1965)
9 (RLIN) 122
700 1# - ENTRADA AGREGADA--NOMBRE PERSONAL
Nombre de persona Congar, Yves,
Fechas asociadas al nombre 1904-1995
9 (RLIN) 40170
700 1# - ENTRADA AGREGADA--NOMBRE PERSONAL
Nombre de persona Küng, Hans,
Fechas asociadas al nombre 1928-
9 (RLIN) 68961
700 1# - ENTRADA AGREGADA--NOMBRE PERSONAL
Nombre de persona O'Hanlon, Daniel.
9 (RLIN) 86330
830 04 - PUNTO DE ACCESO ADICIONAL DE SERIE-TÍTULO UNIFORME
Título uniforme Los libros del monograma
Designación de volumen o secuencia 63
9 (RLIN) 183512
852 ## - LOCALIZACIÓN
Ubicación ES-MaACL
Número de control de estantería C-26900
Sublocalización o colección R.55035
Holdings
Estatus retirado Estado de pérdida Estado de daño No para préstamo Biblioteca de origen Biblioteca actual Ubicación en estantería Fecha de adquisición Fuente de adquisición Total de préstamos Signatura topográfica completa Código de barras Visto por última vez Precio de reemplazo Tipo de ítem Koha
        Biblioteca del Ateneo de Madrid Biblioteca del Ateneo de Madrid Depósito 2 17/01/2008     C-26900 1059951 23/02/2023 23/02/2023 Libro impreso